000 00599nam a22002177a 4500
003 KOHA_MİRAKIL
005 20260416090233.0
008 260415b tu ||||| |||| 00| 0 tur d
020 _a9789759038090
040 _aTR-AnABB
_btur
_cTR-AnABB
041 _atur
082 _a813.42
_bAZI 2011
100 _aAziz Nesin, 1915-1995
245 1 0 _aBiz adam olmayız /
_cAziz Nesin
250 _a20. baskı
260 _aİstanbul :
_bNesin Yayınevi,
_c2004
300 _a230 sayfa ;
_c20 cm
650 0 4 _aTürk edebiyatı, roman
900 _bCan ÇELIK
942 _2ddc
_cBK
999 _c10263
_d10263